[Event "Montreal-Tch"]
[Site "Montreal CAN"]
[Date "1970.02.08"]
[Round "3"]
[White "Gourge, A."]
[Black "Brodie, Hugh"]
[Result "1/2-1/2"]
[WhiteElo "1650"]
[BlackElo "1750"]
[PlyCount "82"]
[EventDate "1970.01.10"]
[EventType "team"]
[EventRounds "6"]
[EventCountry "CAN"]

1. e4 c5 2. Nc3 Nc6 3. f4 d6 4. Nf3 Nf6 5. h3 a6 6. g4 b5 7. d3 e6 8. Bg2 Bb7
9. b3 h5 10. g5 Nd7 11. Bb2 Nb6 12. Qd2 d5 13. exd5 Nxd5 14. Nxd5 Qxd5 15.
O-O-O Ne7 16. Rhg1 Qd7 17. Ne5 Qc7 18. Bxb7 Qxb7 19. Rdf1 Nf5 20. Qf2 O-O-O 21.
g6 f6 22. Nf7 Be7 23. Nxh8 Rxh8 24. Re1 Qc6 25. Re4 Rd8 26. Qe2 Rd6 27. Qxh5
Kd7 28. Rxe6 Rxe6 29. Qxf5 Kc7 30. Qg4 Bd8 31. h4 Qe8 32. Kd2 Kb6 33. f5 Rd6
34. Re1 Qc6 35. Re6 Rxe6 36. fxe6 Qh1 37. Qg3 Bc7 38. Qe1 Bf4+ 39. Kd1 Qf3+ 40.
Qe2 Qh1+ 41. Qe1 Qf3+ 1/2-1/2

[Event "Montreal-Tch"]
[Site "Montreal CAN"]
[Date "1970.02.15"]
[Round "4"]
[White "Rosen, Irwin"]
[Black "Brodie, Hugh"]
[Result "0-1"]
[WhiteElo "1700"]
[BlackElo "1750"]
[PlyCount "70"]
[EventDate "1970.01.10"]
[EventType "team"]
[EventRounds "6"]
[EventCountry "CAN"]

1. e4 e6 2. d4 d5 3. Nd2 Nf6 4. e5 Nfd7 5. Bd3 c5 6. c3 Nc6 7. Ndf3 Be7 8. Ne2
cxd4 9. cxd4 Nb6 10. Bd2 Bd7 11. Rc1 Nb4 12. Bxb4 Bxb4+ 13. Nc3 Na4 14. Qb3
Bxc3+ 15. bxc3 Nb6 16. O-O O-O 17. Qc2 h6 18. Nd2 Rc8 19. f4 Na4 20. Rf3 f5 21.
Rg3 Rxc3 22. Qxc3 Nxc3 23. Rxc3 Qa5 24. Rc2 Rc8 25. Rxc8+ Bxc8 26. Nf3 Qxa2 27.
h3 a5 28. Nh4 Qa1+ 29. Kh2 Qxd4 30. Bb5 a4 31. Ng6 Qb4 32. Bxa4 Qxa4 33. Ne7+
Kf8 34. Nxc8 Qxf4 35. Nb6 Kf7 0-1

[Event "Montreal-Tch"]
[Site "Montreal CAN"]
[Date "1970.02.22"]
[Round "5"]
[White "Reid, Michael"]
[Black "Brodie, Hugh"]
[Result "1/2-1/2"]
[WhiteElo "1650"]
[BlackElo "1750"]
[PlyCount "60"]
[EventDate "1970.01.10"]
[EventType "team"]
[EventRounds "6"]
[EventCountry "CAN"]

1. Nf3 b5 2. a4 b4 3. c3 a5 4. cxb4 axb4 5. g3 Bb7 6. Bg2 e6 7. O-O f5 8. d3
Be7 9. Nbd2 g5 10. e4 f4 11. Ne5 Nf6 12. Ndf3 d6 13. Nf7 Kxf7 14. Nxg5+ Ke8 15.
Nxe6 Qd7 16. Bh3 Qc6 17. Bxf4 Na6 18. Rc1 Qb6 19. e5 dxe5 20. Bxe5 c5 21. Re1
Qc6 22. f3 Qxf3 23. Qxf3 Bxf3 24. Bxf6 Bxf6 25. Ng5+ Kf8 26. Nxf3 Bxb2 27. Rc4
Kf7 28. Be6+ Kf6 29. Rf4+ Kg7 30. Bc4 Ra7 1/2-1/2

[Event "Montreal-Tch"]
[Site "Montreal CAN"]
[Date "1970.03.01"]
[Round "6"]
[White "Brodie, Hugh"]
[Black "Gourge, A."]
[Result "1/2-1/2"]
[WhiteElo "1750"]
[BlackElo "1650"]
[PlyCount "51"]
[EventDate "1970.01.10"]
[EventType "team"]
[EventRounds "6"]
[EventCountry "CAN"]

1. f4 Nf6 2. b4 e6 3. a3 Be7 4. Bb2 a6 5. e3 d5 6. Bd3 h5 7. Nf3 b5 8. Ne5 Bb7
9. g4 hxg4 10. Nxg4 Nbd7 11. Ne5 d4 12. Rg1 Rxh2 13. Rxg7 Rh1+ 14. Bf1 Nxe5 15.
fxe5 Bf8 16. Rg3 Nh5 17. Rg4 dxe3 18. d4 f5 19. Nc3 fxg4 20. Qxg4 Qe7 21. O-O-O
O-O-O 22. Ne4 Bxe4 23. Qxe4 Bh6 24. Be2 Ng3 25. Qg2 Nxe2+ 26. Qxe2 1/2-1/2

[Event "North American Intercoll"]
[Site "Montreal CAN"]
[Date "1969.12.27"]
[Round "1"]
[White "Britain, G."]
[Black "Brodie, Hugh"]
[Result "1-0"]
[WhiteElo "2050"]
[BlackElo "1750"]
[PlyCount "55"]
[EventDate "1969.12.27"]
[EventType "swiss"]
[EventRounds "8"]
[EventCountry "CAN"]

1. e4 e6 2. d4 d5 3. e5 c5 4. c3 Nc6 5. Nf3 Qb6 6. Bd3 cxd4 7. cxd4 Nge7 8. Nc3
a6 9. O-O Ng6 10. Na4 Qa7 11. Be3 b5 12. Rc1 Na5 13. Nc5 Nc4 14. b3 Bxc5 15.
bxc4 Ba3 16. Rb1 b4 17. c5 Bd7 18. Ng5 a5 19. Qh5 Ke7 20. f4 f5 21. exf6+ gxf6
22. f5 exf5 23. Bxf5 Bb5 24. Nxh7 Rag8 25. Bxg6 Bxf1 26. Rxf1 Qa6 27. Rxf6 Qxf6
28. Bg5 1-0

[Event "North American Intercoll"]
[Site "Montreal CAN"]
[Date "1969.12.27"]
[Round "2"]
[White "Brodie, Hugh"]
[Black "Ladewig, D."]
[Result "1-0"]
[WhiteElo "1750"]
[BlackElo "1600"]
[PlyCount "65"]
[EventDate "1969.12.27"]
[EventType "swiss"]
[EventRounds "8"]
[EventCountry "CAN"]

1. e4 e5 2. Nc3 Nf6 3. f4 d5 4. fxe5 Nxe4 5. Nf3 Bg4 6. Qe2 Nxc3 7. bxc3 Be7 8.
d4 O-O 9. Qe3 Re8 10. Bd3 c5 11. h3 cxd4 12. Bxh7+ Kxh7 13. Qd3+ Bf5 14. Qxf5+
g6 15. Qxf7+ Kh8 16. Qxg6 dxc3 17. Qh5+ Kg8 18. Bh6 Bf8 19. Qg6+ Kh8 20. Ng5
Rxe5+ 21. Kd1 Re7 22. Rf1 Bxh6 23. Qxh6+ Kg8 24. Qg6+ Rg7 25. Qe6+ Kh8 26. Nf7+
Rxf7 27. Rxf7 Qg5 28. Qe8+ Qg8 29. Rf8 Qxf8 30. Qxf8+ Kh7 31. Ke2 a5 32. Rf1
Ra6 33. Rf7+ 1-0

[Event "North American Intercoll"]
[Site "Montreal CAN"]
[Date "1969.12.28"]
[Round "3"]
[White "Winston, Harold"]
[Black "Brodie, Hugh"]
[Result "1-0"]
[WhiteElo "1900"]
[BlackElo "1750"]
[PlyCount "43"]
[EventDate "1969.12.27"]
[EventType "swiss"]
[EventRounds "8"]
[EventCountry "CAN"]

1. e4 e6 2. d4 d5 3. Nd2 Nf6 4. e5 Nfd7 5. c3 c5 6. Bd3 b6 7. Ne2 Ba6 8. Bb1
Nc6 9. Nf3 Be7 10. O-O f5 11. exf6 Bxf6 12. Re1 g5 13. Ng3 Nf8 14. Nxg5 Bxg5
15. Qh5+ Kd7 16. Bxg5 Qe8 17. Qf3 cxd4 18. Bf5 dxc3 19. Bxe6+ Nxe6 20. Qxd5+
Kc7 21. Rxe6 Qd7 22. Bf4+ 1-0

[Event "North American Intercoll"]
[Site "Montreal CAN"]
[Date "1969.12.28"]
[Round "4"]
[White "Brodie, Hugh"]
[Black "Janetzki, G."]
[Result "1-0"]
[WhiteElo "1750"]
[BlackElo "1600"]
[PlyCount "23"]
[EventDate "1969.12.27"]
[EventType "swiss"]
[EventRounds "8"]
[EventCountry "CAN"]

1. e4 c5 2. d4 cxd4 3. c3 dxc3 4. Nxc3 Nc6 5. Nf3 d6 6. Bc4 Bg4 7. Bxf7+ Kxf7
8. Ng5+ Ke8 9. Qxg4 Nh6 10. Qg3 Qd7 11. O-O g6 12. Nxh7 1-0

[Event "North American Intercoll"]
[Site "Montreal CAN"]
[Date "1969.12.29"]
[Round "5"]
[White "Bilodeau, B."]
[Black "Brodie, Hugh"]
[Result "1-0"]
[WhiteElo "1820"]
[BlackElo "1750"]
[PlyCount "75"]
[EventDate "1969.12.27"]
[EventType "swiss"]
[EventRounds "8"]
[EventCountry "CAN"]

1. d4 Nf6 2. c4 c5 3. d5 d6 4. Nc3 e6 5. e4 exd5 6. cxd5 g6 7. Be2 Bg7 8. Nf3
O-O 9. O-O Na6 10. Nd2 Nc7 11. a4 b6 12. Nc4 Nfe8 13. Bf4 Ba6 14. Qc2 f5 15. f3
Bd4+ 16. Kh1 g5 17. Bg3 f4 18. Bf2 Bxf2 19. Rxf2 b5 20. axb5 Bxb5 21. g3 Bd7
22. e5 dxe5 23. Nxe5 Nd6 24. Bd3 Bf5 25. g4 Bxd3 26. Qxd3 a6 27. Re2 Ncb5 28.
Nc6 Qf6 29. Re7 Rf7 30. Rxf7 Qxf7 31. Nxb5 Nxb5 32. Qxb5 axb5 33. Rxa8+ Qf8 34.
Rxf8+ Kxf8 35. Na7 b4 36. Nc6 Ke8 37. Na5 Kd7 38. Nc4 1-0

[Event "North American Intercoll"]
[Site "Montreal CAN"]
[Date "1969.12.29"]
[Round "6"]
[White "Brodie, Hugh"]
[Black "Margolit, Y."]
[Result "1-0"]
[WhiteElo "1750"]
[BlackElo "1800"]
[PlyCount "63"]
[EventDate "1969.12.27"]
[EventType "swiss"]
[EventRounds "8"]
[EventCountry "CAN"]

1. e4 e5 2. Nc3 Nf6 3. f4 d6 4. Nf3 Nc6 5. Bc4 Bg4 6. h3 Bxf3 7. Qxf3 Nd4 8.
Qd1 g6 9. d3 exf4 10. Bxf4 Nh5 11. O-O Bg7 12. Ne2 O-O 13. c3 Ne6 14. Be3 c6
15. Qd2 Rc8 16. Bh6 Rc7 17. Bxg7 Kxg7 18. g4 b5 19. Bxe6 fxe6 20. gxh5 gxh5 21.
Rxf8 Qxf8 22. Rf1 Qd8 23. Kh2 Kh8 24. Qh6 Rg7 25. Qxh5 d5 26. Qe5 Qe7 27. exd5
exd5 28. Qxe7 Rxe7 29. Rf2 Re3 30. d4 Kg7 31. Ng3 a5 32. Nf5+ 1-0

[Event "North American Intercoll"]
[Site "Montreal CAN"]
[Date "1969.12.30"]
[Round "7"]
[White "Goldberg, Jeff"]
[Black "Brodie, Hugh"]
[Result "0-1"]
[WhiteElo "1850"]
[BlackElo "1750"]
[PlyCount "50"]
[EventDate "1969.12.27"]
[EventType "swiss"]
[EventRounds "8"]
[EventCountry "CAN"]

1. e4 e6 2. d4 d5 3. Nc3 Bb4 4. e5 c5 5. a3 Bxc3+ 6. bxc3 Ne7 7. Qg4 Qc7 8.
Qxg7 Rg8 9. Qxh7 cxd4 10. Kd1 Nbc6 11. Nf3 dxc3 12. Ng5 Nxe5 13. f4 Rxg5 14.
fxg5 N5g6 15. Bd3 e5 16. Bxg6 Nxg6 17. h4 Bg4+ 18. Ke1 O-O-O 19. Rf1 Qc4 20.
Rf2 Rh8 21. Qxf7 Nxh4 22. Rf3 Nxf3+ 23. Kf2 Ne1 24. Rb1 Qe2+ 25. Kg3 Qxg2# 0-1

[Event "North American Intercoll"]
[Site "Montreal CAN"]
[Date "1969.12.30"]
[Round "8"]
[White "Brodie, Hugh"]
[Black "Budd, M."]
[Result "1-0"]
[WhiteElo "1750"]
[BlackElo "1800"]
[PlyCount "115"]
[EventDate "1969.12.27"]
[EventType "swiss"]
[EventRounds "8"]
[EventCountry "CAN"]

1. e4 e5 2. Nc3 Nf6 3. f4 d5 4. fxe5 Nxe4 5. Nf3 Be7 6. d4 Bg4 7. Bd3 Nxc3 8.
bxc3 Nc6 9. O-O Qd7 10. a4 O-O-O 11. a5 f6 12. exf6 gxf6 13. Ba3 Rdg8 14. Bb5
Rg7 15. Bxe7 Rxe7 16. Qd3 Rg7 17. Rfe1 Rhg8 18. g3 h5 19. Nh4 Rg5 20. Bxc6 Qxc6
21. Re7 Qd6 22. Rae1 Bd7 23. R1e3 f5 24. R7e5 f4 25. Rxg5 Rxg5 26. Nf3 Rg7 27.
Re5 fxg3 28. h4 Qf6 29. Rxh5 Rf7 30. Rg5 Rf8 31. Rxg3 Bf5 32. Qe2 Be4 33. Ng5
Qf4 34. Nxe4 dxe4 35. Qg4+ Qxg4 36. Rxg4 e3 37. Re4 Rh8 38. Kf1 Rf8+ 39. Ke2
Rf2+ 40. Kxe3 Rxc2 41. Kd3 Rg2 42. h5 Rg8 43. h6 Rh8 44. Re6 Kd7 45. Rg6 Ke7
46. Ke4 Rh7 47. Ke5 b6 48. a6 Kf7 49. Rg7+ Rxg7 50. hxg7 Kxg7 51. Ke6 Kf8 52.
Kd7 c5 53. dxc5 bxc5 54. c4 Kf7 55. Kd6 Kf6 56. Kxc5 Ke5 57. Kc6 Ke6 58. c5 1-0

[Event "French Mandatory Opening"]
[Site "Montreal CAN"]
[Date "1969.12.06"]
[Round "1"]
[White "Brodie, Hugh"]
[Black "Rosen, Irwin"]
[Result "1-0"]
[WhiteElo "1700"]
[BlackElo "1700"]
[PlyCount "93"]
[EventDate "1969.12.06"]
[EventType "swiss"]
[EventRounds "6"]
[EventCountry "CAN"]

1. e4 e6 2. d4 d5 3. Nc3 Bb4 4. e5 c5 5. a3 Bxc3+ 6. bxc3 Nc6 7. Qg4 Kf8 8. Nf3
Qb6 9. Bd3 Nge7 10. O-O Nf5 11. a4 cxd4 12. Ba3+ Nce7 13. cxd4 Qc7 14. Qg5 Rg8
15. g4 h6 16. Qd2 Nxd4 17. Nxd4 Qxe5 18. Qb4 Qf6 19. Rab1 e5 20. Nf5 Bxf5 21.
Bxf5 Rb8 22. a5 g6 23. Qxe7+ Qxe7 24. Bxe7+ Kxe7 25. Bd3 f5 26. h3 fxg4 27.
hxg4 e4 28. Be2 Rgc8 29. Rb2 Rc7 30. Rfb1 Ke6 31. Bd1 Rd7 32. Kg2 d4 33. Kg3 d3
34. cxd3 Rxd3+ 35. Kg2 Rbd8 36. Bc2 Ra3 37. Bxe4 Rxa5 38. Rxb7 Rg5 39. Kh3 h5
40. gxh5 Rxh5+ 41. Kg4 Rdh8 42. Rxa7 Rh4+ 43. Kf3 Rf8+ 44. Ke3 Ke5 45. Rb5+ Kf6
46. Rb6+ Ke5 47. Ra5# 1-0

[Event "French Mandatory Opening"]
[Site "Montreal CAN"]
[Date "1969.12.06"]
[Round "2"]
[White "Gagnon, Robert"]
[Black "Brodie, Hugh"]
[Result "0-1"]
[WhiteElo "1600"]
[BlackElo "1700"]
[PlyCount "84"]
[EventDate "1969.12.06"]
[EventType "swiss"]
[EventRounds "6"]
[EventCountry "CAN"]

1. e4 e6 2. e5 d5 3. d4 c5 4. Be3 cxd4 5. Bxd4 Nc6 6. Nf3 Nge7 7. Bb5 a6 8. Ba4
b5 9. Bb3 Nxd4 10. Nxd4 Ng6 11. Nf3 Qc7 12. Qe2 Bc5 13. a4 b4 14. O-O O-O 15.
g3 a5 16. c3 Ba6 17. Qd1 Bxf1 18. Kxf1 Nxe5 19. Ng5 h6 20. Nf3 Nxf3 21. Qxf3
Rac8 22. Bc2 Rfd8 23. Qd3 g6 24. Qd2 Kg7 25. h4 d4 26. c4 Bb6 27. Bd3 Qc6 28.
Kg1 e5 29. Qe2 Qe6 30. Nd2 f5 31. Rf1 e4 32. f3 e3 33. b3 Qd6 34. f4 exd2 35.
h5 Re8 36. Qxd2 Re3 37. Kh1 Rce8 38. hxg6 Qxg6 39. Rg1 Rxg3 40. Rxg3 Qxg3 41.
Bxf5 Re1+ 42. Qxe1 Qxe1+ 0-1

[Event "French Mandatory Opening"]
[Site "Montreal CAN"]
[Date "1969.12.06"]
[Round "3"]
[White "Brodie, Hugh"]
[Black "Pope, John2"]
[Result "1/2-1/2"]
[WhiteElo "1700"]
[BlackElo "1700"]
[PlyCount "78"]
[EventDate "1969.12.06"]
[EventType "swiss"]
[EventRounds "6"]
[EventCountry "CAN"]

1. e4 e6 2. d3 Nc6 3. g3 Nf6 4. Bg2 d5 5. Nd2 dxe4 6. dxe4 Bc5 7. Ngf3 Bd7 8.
O-O O-O 9. c4 a5 10. b3 Qe7 11. Bb2 Rfd8 12. Qe2 e5 13. Nb1 Bg4 14. h3 Bxf3 15.
Qxf3 Nd4 16. Bxd4 Bxd4 17. Nc3 Rd7 18. Rac1 Rad8 19. Nd5 Nxd5 20. exd5 Re8 21.
Qe4 Rd6 22. Qd3 Rf6 23. Rc2 Qc5 24. Be4 g6 25. Kg2 Rd8 26. f4 exf4 27. Rxf4
Rxf4 28. gxf4 f5 29. Bf3 Be3 30. Kg3 Rd7 31. Re2 Re7 32. h4 h6 33. Bg2 Bc1 34.
Re6 Rxe6 35. dxe6 Qe3+ 36. Qxe3 Bxe3 37. Bxb7 Kf8 38. Bd5 Bc5 39. Kf3 Ke7
1/2-1/2

[Event "French Mandatory Opening"]
[Site "Montreal CAN"]
[Date "1969.12.07"]
[Round "4"]
[White "Blank, Brian"]
[Black "Brodie, Hugh"]
[Result "1/2-1/2"]
[WhiteElo "1700"]
[BlackElo "1700"]
[PlyCount "50"]
[EventDate "1969.12.06"]
[EventType "swiss"]
[EventRounds "6"]
[EventCountry "CAN"]

1. e4 e6 2. d4 d5 3. Nd2 c5 4. exd5 Qxd5 5. Ngf3 cxd4 6. Bc4 Qd8 7. O-O Nc6 8.
Qe2 Bc5 9. Nb3 Bb6 10. Rd1 Nf6 11. c3 O-O 12. Be3 Qc7 13. Nbxd4 Nxd4 14. cxd4
Nd5 15. Bxd5 exd5 16. Rac1 Qd6 17. Rd2 Bg4 18. Rdc2 Rfe8 19. h3 Bf5 20. Rc3 Ba5
21. Rb3 Bb6 22. Rbc3 Rac8 23. Rxc8 Rxc8 24. Rxc8+ Bxc8 25. Ne5 h6 1/2-1/2

[Event "French Mandatory Opening"]
[Site "Montreal CAN"]
[Date "1969.12.07"]
[Round "5"]
[White "Brodie, Hugh"]
[Black "Ary, Alex"]
[Result "1-0"]
[WhiteElo "1700"]
[BlackElo "1600"]
[PlyCount "95"]
[EventDate "1969.12.06"]
[EventType "swiss"]
[EventRounds "6"]
[EventCountry "CAN"]

1. e4 e6 2. d3 d5 3. Nd2 Nf6 4. g3 b6 5. Bg2 Bb7 6. e5 Nfd7 7. Ngf3 c5 8. O-O
Nc6 9. Re1 Be7 10. c3 h5 11. d4 h4 12. Nf1 hxg3 13. fxg3 Qc7 14. Bg5 Rh5 15.
Qd2 cxd4 16. cxd4 Nxd4 17. Bxe7 Nxf3+ 18. Bxf3 Rf5 19. Bd6 Nxe5 20. Rxe5 Qxd6
21. Rxf5 exf5 22. Qd4 Qc5 23. Rd1 Rd8 24. Ne3 f4 25. gxf4 Qd6 26. Qe5+ Qxe5 27.
fxe5 d4 28. Bxb7 dxe3 29. Rxd8+ Kxd8 30. Kf1 Ke7 31. Bd5 f5 32. exf6+ Kxf6 33.
Ke2 Ke5 34. Bf3 Kf4 35. h4 b5 36. b4 g6 37. Bc6 Kg4 38. Bxb5 Kxh4 39. Kxe3 Kg3
40. a4 g5 41. Bd7 g4 42. b5 Kh4 43. a5 g3 44. Bc6 Kg4 45. b6 axb6 46. axb6 Kh4
47. b7 Kh3 48. b8=Q 1-0

[Event "French Mandatory Opening"]
[Site "Montreal CAN"]
[Date "1969.12.07"]
[Round "6"]
[White "Langlois, Arthur"]
[Black "Brodie, Hugh"]
[Result "0-1"]
[WhiteElo "1700"]
[BlackElo "1700"]
[PlyCount "92"]
[EventDate "1969.12.06"]
[EventType "swiss"]
[EventRounds "6"]
[EventCountry "CAN"]

1. e4 e6 2. d4 d5 3. Nc3 Bb4 4. e5 c5 5. a3 Bxc3+ 6. bxc3 Ne7 7. Qg4 Qc7 8. Be3
cxd4 9. Bxd4 Nbc6 10. Bd3 Nxd4 11. Qxd4 Nc6 12. Bb5 O-O 13. Bxc6 Qxc6 14. Nf3
Bd7 15. O-O Rfc8 16. Rfb1 b6 17. Rb3 Qc4 18. Qxc4 Rxc4 19. Nd2 Rc7 20. a4 Rac8
21. Raa3 g5 22. Kf1 Kg7 23. Nf3 Kg6 24. Nd4 Rc4 25. Nb5 Bxb5 26. axb5 R8c7 27.
f3 Kf5 28. Ke2 Kxe5 29. g3 f5 30. Kd3 Kd6 31. Ra1 e5 32. Re1 e4+ 33. fxe4 dxe4+
34. Ke2 Ke5 35. Rg1 h6 36. h4 f4 37. hxg5 hxg5 38. gxf4+ gxf4 39. Rg5+ Kf6 40.
Rh5 Rg7 41. Rb4 Rg2+ 42. Kd1 Rxb4 43. cxb4 e3 44. c4 f3 45. c5 e2+ 46. Kd2 Rg1
0-1

[Event "Quebec op"]
[Site "Montreal CAN"]
[Date "1969.10.11"]
[Round "1"]
[White "Wenzel, B."]
[Black "Brodie, Hugh"]
[Result "0-1"]
[WhiteElo "1800"]
[BlackElo "1700"]
[PlyCount "122"]
[EventDate "1969.10.11"]
[EventType "swiss"]
[EventRounds "6"]
[EventCountry "CAN"]

1. e4 c5 2. Nf3 e6 3. d4 cxd4 4. Nxd4 a6 5. Bd3 Qc7 6. O-O b5 7. Be3 Bb7 8. Nd2
d5 9. exd5 Bxd5 10. b3 Nf6 11. Qe2 Bd6 12. h3 Qc3 13. a4 bxa4 14. Rxa4 O-O 15.
Bxa6 Nbd7 16. Rfa1 Nc5 17. Nb1 Nxa4 18. Nxc3 Nxc3 19. Qf1 Bb4 20. Bd3 Rxa1 21.
Qxa1 Ra8 22. Qf1 Nce4 23. Nf3 Bc3 24. Kh2 Ra1 25. Qe2 Bb4 26. Bd4 Bd6+ 27. g3
Ng5 28. Bxa1 Nxf3+ 29. Qxf3 Bxf3 30. Bxf6 gxf6 31. Kg1 Bb4 32. Kf1 f5 33. Be2
Be4 34. Bd1 Kg7 35. Ke2 Kf6 36. f3 Bb7 37. Kd3 Ke5 38. f4+ Kd6 39. c3 Ba6+ 40.
Kd2 Ba5 41. g4 fxg4 42. hxg4 f5 43. g5 e5 44. b4 Bb6 45. fxe5+ Kxe5 46. Bb3 f4
47. c4 Bd8 48. b5 Bc8 49. Bc2 Bxg5 50. Bxh7 f3+ 51. Kc3 Bf5 52. Bxf5 Kxf5 53.
b6 f2 54. b7 Bf4 55. c5 f1=Q 56. Kb4 Bc7 57. c6 Ke6 58. Kc5 Qa6 59. Kb4 Qxc6
60. Ka3 Qxb7 61. Ka4 Kd5 0-1

[Event "Quebec op"]
[Site "Montreal CAN"]
[Date "1969.10.11"]
[Round "2"]
[White "Brodie, Hugh"]
[Black "Stoll, Drew"]
[Result "1/2-1/2"]
[WhiteElo "1700"]
[BlackElo "1900"]
[PlyCount "67"]
[EventDate "1969.10.11"]
[EventType "swiss"]
[EventRounds "6"]
[EventCountry "CAN"]

1. e4 e5 2. Nc3 Nf6 3. f4 d5 4. fxe5 Nxe4 5. Nf3 Be7 6. d4 Bg4 7. Bd3 Ng5 8.
Be3 Nc6 9. h3 Bxf3 10. gxf3 Ne6 11. Ne2 Bh4+ 12. Kd2 Nb4 13. Bb5+ c6 14. Ba4 b5
15. Bb3 a5 16. a4 Be7 17. c3 Na6 18. f4 g6 19. Ng3 Bh4 20. Rg1 Bxg3 21. Rxg3 b4
22. Qf3 Rb8 23. f5 bxc3+ 24. bxc3 Rxb3 25. fxe6 fxe6 26. Rf1 Rb7 27. Qf6 Qxf6
28. Rxf6 Re7 29. Rgf3 Nb8 30. Bg5 Na6 31. R6f4 Rb7 32. Rf6 Re7 33. R6f4 Rd7 34.
Bh6 1/2-1/2

[Event "Quebec op"]
[Site "Montreal CAN"]
[Date "1969.10.12"]
[Round "3"]
[White "Delva, Jean"]
[Black "Brodie, Hugh"]
[Result "1-0"]
[WhiteElo "1850"]
[BlackElo "1700"]
[PlyCount "55"]
[EventDate "1969.10.11"]
[EventType "swiss"]
[EventRounds "6"]
[EventCountry "CAN"]

1. d4 Nf6 2. c4 c5 3. d5 e6 4. Nc3 exd5 5. cxd5 d6 6. e4 g6 7. Bd3 Bg7 8. Qa4+
Bd7 9. Qb3 Bc8 10. Bg5 a6 11. a4 O-O 12. Nf3 h6 13. Bd2 Nbd7 14. h3 Qe7 15. O-O
Ne5 16. Nxe5 Qxe5 17. Be3 Nh5 18. f4 Qe7 19. Rf3 Kh7 20. g4 Nf6 21. Rg3 Ng8 22.
Kh1 f5 23. gxf5 gxf5 24. Rag1 fxe4 25. Rxg7+ Qxg7 26. Bxe4+ Kh8 27. Rxg7 Kxg7
28. Qb6 1-0

[Event "Quebec op"]
[Site "Montreal CAN"]
[Date "1969.10.12"]
[Round "4"]
[White "Brodie, Hugh"]
[Black "Lebel, Robert"]
[Result "1/2-1/2"]
[WhiteElo "1700"]
[BlackElo "1700"]
[PlyCount "59"]
[EventDate "1969.10.11"]
[EventType "swiss"]
[EventRounds "6"]
[EventCountry "CAN"]

1. e4 c5 2. Nc3 g6 3. g3 Bg7 4. Bg2 Nc6 5. d3 d6 6. f4 e6 7. Nf3 Nge7 8. O-O
O-O 9. Rb1 Rb8 10. g4 b5 11. a3 Bd7 12. Ne2 f5 13. g5 a5 14. Ng3 b4 15. axb4
axb4 16. h4 Ra8 17. h5 Ra2 18. Nh4 Qa5 19. hxg6 hxg6 20. exf5 exf5 21. Nxg6
Bd4+ 22. Kh2 Nxg6 23. Bd5+ Kg7 24. Nh5+ Kh8 25. Nf6 Kg7 26. Nh5+ Kh8 27. Rh1
Bf2 28. Nf6 Kg7 29. Nh5+ Kh8 30. Nf6 1/2-1/2

[Event "Quebec op"]
[Site "Montreal CAN"]
[Date "1969.10.13"]
[Round "5"]
[White "Martin, B."]
[Black "Brodie, Hugh"]
[Result "0-1"]
[WhiteElo "1600"]
[BlackElo "1700"]
[PlyCount "74"]
[EventDate "1969.10.11"]
[EventType "swiss"]
[EventRounds "6"]
[EventCountry "CAN"]

1. e4 c5 2. Nc3 Nc6 3. Bb5 Nd4 4. Bc4 a6 5. Nge2 Nxe2 6. Qxe2 e6 7. O-O b5 8.
Bd3 c4 9. Bxc4 bxc4 10. Qxc4 Bb7 11. Re1 Nf6 12. d4 d5 13. Qa4+ Qd7 14. Qxd7+
Kxd7 15. f3 Bb4 16. Bg5 dxe4 17. Bxf6 gxf6 18. fxe4 Rhg8 19. a3 Bxc3 20. bxc3
Rg4 21. d5 exd5 22. Rad1 Rc8 23. exd5 Rxc3 24. Rd2 Rxa3 25. d6 Re4 26. Rf1 Re6
27. Rfd1 Rae3 28. h3 Re1+ 29. Kh2 Rxd1 30. Rxd1 Rxd6 31. Rf1 Rd2 32. Rg1 Rxc2
33. Rd1+ Kc7 34. Rg1 a5 35. h4 Rxg2+ 36. Rxg2 Bxg2 37. Kxg2 a4 0-1

[Event "Quebec op"]
[Site "Montreal CAN"]
[Date "1969.10.13"]
[Round "6"]
[White "Brodie, Hugh"]
[Black "Baikowitz, E."]
[Result "0-1"]
[WhiteElo "1700"]
[BlackElo "1800"]
[PlyCount "98"]
[EventDate "1969.10.11"]
[EventType "swiss"]
[EventRounds "6"]
[EventCountry "CAN"]

1. f4 e5 2. e4 exf4 3. Nf3 Nf6 4. e5 Nh5 5. Bc4 d5 6. exd6 Bxd6 7. O-O O-O 8.
d4 Nc6 9. Nc3 g5 10. Ne4 Bg4 11. c3 h6 12. Nf2 Qd7 13. Nxg4 Qxg4 14. Qd3 Kg7
15. Bd2 Rfe8 16. Rae1 Qd7 17. Bc1 Rxe1 18. Rxe1 Re8 19. Rxe8 Qxe8 20. Nd2 Qe1+
21. Qf1 Qxf1+ 22. Kxf1 f5 23. Bd3 Kf6 24. Nc4 f3 25. Nxd6 fxg2+ 26. Kxg2 cxd6
27. b3 f4 28. Kf3 d5 29. Ba3 Ng7 30. Bb2 Nf5 31. Kg4 Ne3+ 32. Kh5 Nd1 33. Ba1
Nf2 34. Bf1 Kf5 35. c4 dxc4 36. bxc4 g4 37. d5 Ne5 38. Bd4 g3 39. hxg3 fxg3 40.
Kxh6 b6 41. Kg7 Ke4 42. Bxe5 Kxe5 43. Kf7 Kd6 44. Ke8 Nd3 45. Kd8 Nb2 46. Kc8
Nxc4 47. Kb7 a5 48. Bh3 Kxd5 49. Ka6 Kc5 0-1

[Event "Alekhine CC op"]
[Site "Montreal CAN"]
[Date "1969.08.08"]
[Round "1"]
[White "Brodie, Hugh"]
[Black "Oldemeier, W."]
[Result "1/2-1/2"]
[WhiteElo "1700"]
[BlackElo "1500"]
[PlyCount "138"]
[EventDate "1969.08.08"]
[EventType "swiss"]
[EventRounds "5"]
[EventCountry "CAN"]

1. e4 e5 2. Nc3 Nf6 3. f4 d5 4. fxe5 Nxe4 5. Nf3 Bg4 6. Qe2 Ng5 7. d4 Nxf3+ 8.
gxf3 Be6 9. Be3 Be7 10. O-O-O Nc6 11. Rg1 g6 12. Qd2 Qd7 13. Ne2 O-O-O 14. Bg5
h6 15. Bxe7 Nxe7 16. Nf4 Bf5 17. Nd3 Kb8 18. Nc5 Qc6 19. f4 Nc8 20. Rg3 Nb6 21.
Qb4 Nd7 22. Nxd7+ Rxd7 23. Rc3 Qe6 24. Bb5 Re7 25. Bc6 b6 26. Qa4 Qc8 27. Ra3
a5 28. b4 Bd7 29. bxa5 Bxc6 30. Qxc6 Qb7 31. Qxb7+ Kxb7 32. axb6 cxb6 33. Rdd3
g5 34. f5 g4 35. h3 h5 36. f6 Rc7 37. hxg4 hxg4 38. Rg3 Rh2 39. c3 Rh4 40. Rb3
Rc8 41. Rb2 Rh1+ 42. Kc2 Rg8 43. Kb3 Kc6 44. Rbg2 Rh4 45. Kb4 b5 46. Kb3 Kd7
47. Kb4 Kc6 48. Rg1 Rg6 49. Re1 Rh8 50. e6 Rxf6 51. exf7 Rf8 52. Rxg4 R8xf7 53.
Reg1 Ra7 54. Rg6 Ra4+ 55. Kb3 Rxg6 56. Rxg6+ Kc7 57. Rf6 Ra8 58. a3 Ra4 59. Rg6
Ra8 60. Kb4 Ra4+ 61. Kxb5 Rxa3 62. Kc5 Rxc3+ 63. Kxd5 Re3 64. Rg7+ Kb6 65. Kd6
Rh3 66. d5 Rh4 67. Rg1 Rh6+ 68. Ke7 Rh7+ 69. Kf6 Rh6+ 1/2-1/2

[Event "Alekhine CC op"]
[Site "Montreal CAN"]
[Date "1969.08.09"]
[Round "2"]
[White "Brodie, Hugh"]
[Black "Kuber, Bruce"]
[Result "1/2-1/2"]
[WhiteElo "1700"]
[BlackElo "1700"]
[PlyCount "54"]
[EventDate "1969.08.08"]
[EventType "swiss"]
[EventRounds "5"]
[EventCountry "CAN"]

1. b4 e5 2. Bb2 d6 3. c4 Nf6 4. g3 a6 5. Bg2 Be7 6. a3 O-O 7. d3 Nbd7 8. Nd2 c5
9. Ngf3 cxb4 10. axb4 Ng4 11. O-O Re8 12. h3 Ngf6 13. Qb3 Rb8 14. Rfc1 h6 15.
b5 Nc5 16. Qc2 axb5 17. cxb5 Be6 18. d4 exd4 19. Nxd4 Bd7 20. Bc3 Bf8 21. e3
Qe7 22. b6 Nfe4 23. Nxe4 Nxe4 24. Bxe4 Qxe4 25. Qxe4 Rxe4 26. h4 g6 27. Bb4 d5
1/2-1/2